| 000 | 00584nam a22002297a 4500 | ||
|---|---|---|---|
| 003 | DO - SdBNP | ||
| 005 | 20230201132628.0 | ||
| 007 | ta | ||
| 008 | 210617b1996 dr ||||| |||| 00| 0 spa d | ||
| 020 | 4 | _a84000044 | |
| 040 | 4 |
_aDO-SdBNP _bspa _cBNPHU |
|
| 082 | 4 |
_b1996 _222 |
|
| 100 | 1 |
_aMarrero Aristy, Ramón _948916 |
|
| 245 | 1 | 0 |
_aOver / _cRamón Marrero Aristy |
| 250 | _a18va. | ||
| 260 |
_aSanto Domingo : _bTaller, _c1996. |
||
| 300 |
_a224 p. ; _c20 cm |
||
| 490 | 1 |
_aBiblioteca Taller _v14 |
|
| 590 | _aInventariado, 2023/BT | ||
| 910 | _aBtavárez | ||
| 942 |
_2ddc _cLBS1 |
||
| 999 |
_c49957 _d49957 |
||